书目信息 |
| 题名: |
文艺复兴那些年
|
|
| 作者: | 元坤 编著 | |
| 分册: | ||
| 出版信息: | 北京 新世界出版社 2011 |
|
| 页数: | 227页 | |
| 开本: | 24cm | |
| 丛书名: | ||
| 单 册: | ||
| 中图分类: | K503 | |
| 科图分类: | ||
| 主题词: | 文艺复兴--文化史--欧洲 , 文艺复兴 | |
| 电子资源: | ||
| ISBN: | 978-7-5104-1547-0 | |
| 000 | 00790nam0 2200241 45 | |
| 001 | 1237553388 | |
| 005 | 20120619095756.42 | |
| 010 | @a978-7-5104-1547-0@dCNY30.00 | |
| 100 | @a20110806d2011 ekmy0chiy0120 ea | |
| 101 | 0 | @achi |
| 102 | @aCN@b110000 | |
| 105 | @ay z 000yy | |
| 106 | @ar | |
| 200 | 1 | @a文艺复兴那些年@AWen Yi Fu Xing Na Xie Nian@f元坤编著@FYuan Kun Bian Zhu |
| 210 | @a北京@c新世界出版社@d2011 | |
| 215 | @a227页@d24cm | |
| 330 | @a本书讲述了文艺复兴时期历史,具体内容有:那时的欧洲很黑暗、古老的欧洲出现过文明、人不再是神的奴仆、这才是真正的绘画、花儿盛开的季节等七部分内容。 | |
| 606 | 0 | @a文艺复兴@j文化史@y欧洲 |
| 606 | 0 | @a文艺复兴 |
| 690 | @aK503@v4 | |
| 701 | 0 | @a元坤@AYuan Kun@4编著 |
| 801 | 0 | @aCN@bTSTCL@c20120604 |
| 905 | @b0816536-39@dK503@e19@f4 | |
| 文艺复兴那些年/元坤编著.-北京:新世界出版社,2011 |
| 227页;24cm |
| ISBN 978-7-5104-1547-0:CNY30.00 |
| 本书讲述了文艺复兴时期历史,具体内容有:那时的欧洲很黑暗、古老的欧洲出现过文明、人不再是神的奴仆、这才是真正的绘画、花儿盛开的季节等七部分内容。 |
| ● |
| 相关链接 |
|
|
|
|
正题名:文艺复兴那些年
索取号:K503/19
 
预约/预借
| 序号 | 登录号 | 条形码 | 馆藏地/架位号 | 状态 | 备注 |
| 1 | 0816536 | 208165368 | 第二样本阅览室/ [索取号:K503/19] | 在馆 | |
| 2 | 0816537 | 208165377 | 第二借阅区/ [索取号:K503/19] | 在馆 | |
| 3 | 0816538 | 208165386 | 第二借阅区/ [索取号:K503/19] | 在馆 | |
| 4 | 0816539 | 208165395 | 第二借阅区/ [索取号:K503/19] | 在馆 |